00533nam a22001697a 450000500170000001000150001702000260003203500140005803700130007208200150008510000260010024500900012626000370021627000530025330000200030650000370032620180124145730.0 aENG-122161 a9788171328727c800.00 aEN-105693 bDBAD/PUB a305.800954 aGora, Rajendra Prasad aThe Bawarias :cby Rajendra Prasad Gorabsocially and politically ignored community / aJaipurbPointer Publishersc2017 a807, Vyas Building, Chaura RastabJaipure302003 a173p.c22cm(Hb) aincludes Bibliography reference